000
00265nam a2200109Ia 4500
001
588580
005
20250717120834.0
008
250717s9999 xx 000 0 und d
245
0
_a
V-3 AĞAÇ EVDE
_c
SİMONE VEENSTRA
260
_b
ERDEM YAYINLARI
_c
2019
300
_b
95
999
_c
588580
_d
588580